[Event "Ì13Ï"]
[Site "Loo"]
[Date "2017.04.27"]
[Round "8.3"]
[White "Ðÿáîâ, Ãåîðãèé."]
[Black "Òðóõèí, Äìèòðèé."]
[Result "1-0"]
[WhiteElo "1700"]
[BlackElo "1773"]
[PlyCount "87"]
[EventDate "2017.04.20"]

1. c4 g6 2. g3 Bg7 3. Bg2 d6 4. d3 Nd7 5. Nc3 e5 6. e3 Ne7 7. Nge2 O-O 8. O-O
f5 9. f4 c6 10. Rb1 Qc7 11. b4 a5 12. b5 c5 13. Nd5 Nxd5 14. Bxd5+ Kh8 15. Bg2
Nb6 16. Bb2 Be6 17. Nc3 Bg8 18. Na4 Rfe8 19. Nxb6 Qxb6 20. a4 Re7 21. Qd2 h6
22. e4 Be6 23. Rbe1 Kh7 24. Bc3 Qc7 25. h3 exf4 26. Bxg7 Rxg7 27. exf5 Bxf5 28.
g4 Bd7 29. Qxf4 Re8 30. Bd5 Rd8 31. Qf7 Bc8 32. Qxc7 Rxc7 33. Kg2 b6 34. Rf6
Rg7 35. Bc6 Rgg8 36. Re7+ Rg7 37. Rff7 Rdg8 38. Bd5 Rxf7 39. Rxf7+ Rg7 40. Rf6
h5 41. Rxd6 hxg4 42. hxg4 Bxg4 43. Rxb6 Be2 44. Be4 1-0

[Event "Ì13Ï"]
[Site "Loo"]
[Date "2017.04.27"]
[Round "8.4"]
[White "Ñàáèðîâ, Òèìóð."]
[Black "Äóíàåâ, Äåíèñ."]
[Result "1/2-1/2"]
[WhiteElo "1757"]
[BlackElo "1562"]
[PlyCount "81"]
[EventDate "2017.04.20"]

1. Nf3 d5 2. g3 Nf6 3. Bg2 Bf5 4. O-O Nc6 5. d4 e6 6. a3 Be7 7. b3 O-O 8. Bb2
Ne4 9. Nfd2 Nxd2 10. Nxd2 Bf6 11. Nf3 Be4 12. Ne1 Bxg2 13. Kxg2 Ne7 14. Nd3 Nf5
15. e3 b6 16. Qe2 Qc8 17. f4 Nd6 18. g4 Be7 19. Rh1 f5 20. g5 g6 21. h4 Kg7 22.
h5 Rh8 23. Rh2 Qa6 24. Rah1 Rag8 25. Qd1 Qc8 26. Ne5 Nf7 27. Nxf7 Kxf7 28.
hxg6+ hxg6 29. Rh7+ Rxh7 30. Rxh7+ Rg7 31. Qh1 Qf8 32. Rh8 Rg8 33. Rh7+ Rg7 34.
Rxg7+ Qxg7 35. Kg3 Kg8 36. c4 Qh7 37. Qf3 c6 38. b4 b5 39. c5 Bd8 40. Bc3 Be7
41. Kg2 1/2-1/2

[Event "Ì13Ï"]
[Site "Loo"]
[Date "2017.04.27"]
[Round "8.5"]
[White "Ñîëîâüåâ, Âëàäèñëàâ."]
[Black "Íàäðøèí, Òèìóð."]
[Result "1-0"]
[WhiteElo "1730"]
[BlackElo "1605"]
[PlyCount "75"]
[EventDate "2017.04.20"]

1. e4 c5 2. Nf3 d6 3. c3 Nc6 4. Be2 g6 5. O-O Nf6 6. d3 Bg7 7. Re1 O-O 8. Bf1
Qc7 9. h3 Rb8 10. d4 cxd4 11. cxd4 Bd7 12. Nc3 a6 13. Bf4 e5 14. Be3 b5 15. Rc1
Qb7 16. a3 Rfe8 17. d5 Ne7 18. b4 Ra8 19. Qb3 a5 20. bxa5 Rxa5 21. Qb4 Qa8 22.
Bxb5 Bxb5 23. Nxb5 Ra4 24. Nc7 Rxb4 25. Nxa8 Rxe4 26. Nb6 Nexd5 27. Nc4 Nxe3
28. Nxd6 Nxg2 29. Rxe4 Nxe4 30. Nxe8 Nf4 31. Rc8 Bf8 32. Nxe5 Nc5 33. Kh2 f6
34. Nxf6+ Kg7 35. Neg4 Nfe6 36. Ra8 Kf7 37. Ra7+ Be7 38. Nd5 1-0

[Event "Ì13Ï"]
[Site "Loo"]
[Date "2017.04.27"]
[Round "8.6"]
[White "Íèêîëàåâ, Ìàòâåé."]
[Black "Ôèëàòîâ, Ãåîðãèé."]
[Result "1/2-1/2"]
[WhiteElo "1664"]
[BlackElo "1793"]
[PlyCount "128"]
[EventDate "2017.04.20"]

1. e4 e5 2. Bc4 Nf6 3. d4 exd4 4. Nf3 Nc6 5. O-O d6 6. Nxd4 Nxd4 7. Qxd4 Be7 8.
Nc3 O-O 9. Rd1 a6 10. Bf4 b5 11. Bd5 Nxd5 12. Nxd5 Bb7 13. Qe3 Bf6 14. Qg3 Re8
15. f3 Bxb2 16. Bg5 f6 17. Bh6 Qd7 18. Rab1 Bxd5 19. Rxd5 Be5 20. f4 Bc3 21.
Qxc3 gxh6 22. Qxf6 Qe6 23. Qxe6+ Rxe6 24. e5 dxe5 25. fxe5 Rae8 26. Re1 Kf7 27.
Rc5 c6 28. c4 Kg6 29. a4 bxa4 30. Ra5 Kf5 31. Rxa6 Rxe5 32. Rf1+ Kg5 33. Rxc6
Ra5 34. Rb6 Rc8 35. Rb5+ Rc5 36. Ra1 Rcxb5 37. cxb5 Rxb5 38. Rxa4 Rb2 39. h3 h5
40. Kh2 h4 41. Rg4+ Kh5 42. Kg1 h6 43. Re4 Kg5 44. Kf1 Ra2 45. Re5+ Kf4 46. Re6
Ra1+ 47. Kf2 Ra2+ 48. Kg1 Kg5 49. Rb6 Rc2 50. Rb8 Ra2 51. Rc8 Rb2 52. Re8 Ra2
53. Rc8 Rb2 54. Rc5+ Kf4 55. Rc4+ Kg5 56. Ra4 Rc2 57. Ra5+ Kf4 58. Ra8 Kg5 59.
Kf1 Rb2 60. Rg8+ Kh5 61. Re8 Kg5 62. Re5+ Kf4 63. Re8 Kg5 64. Rc8 Ra2 1/2-1/2

[Event "Ì13Ï"]
[Site "Loo"]
[Date "2017.04.27"]
[Round "8.7"]
[White "Âàñèëü÷åíêî, Âàäèì."]
[Black "Øîøèí, Êèðèëë."]
[Result "0-1"]
[WhiteElo "1654"]
[BlackElo "1729"]
[PlyCount "168"]
[EventDate "2017.04.20"]

1. e4 c5 2. Nf3 g6 3. d4 cxd4 4. Nxd4 Bg7 5. c4 Nc6 6. Be3 Nf6 7. Nc3 O-O 8.
Be2 b6 9. O-O Bb7 10. f3 e6 11. Ndb5 d5 12. cxd5 exd5 13. exd5 Nb4 14. d6 Nfd5
15. Nxd5 Nxd5 16. Bd4 Qg5 17. Nc7 Nf4 18. Rf2 Nh3+ 19. Kf1 Nxf2 20. Bxf2 Rad8
21. Bg3 Be5 22. d7 Bxg3 23. hxg3 Qe7 24. Ne8 f6 25. Bb5 a6 26. Qb3+ Kh8 27. Re1
Qc5 28. Bc4 Rxd7 29. Qc3 Rd4 30. Bb3 Qxc3 31. bxc3 Rd8 32. Nc7 Rd7 33. Ne8 Bd5
34. c4 Bg8 35. g4 a5 36. Kg1 Rd8 37. Nc7 Rc8 38. Nd5 Bxd5 39. cxd5 Rfe8 40. Rd1
Red8 41. d6 Kg7 42. f4 Rc6 43. d7 f5 44. g5 Kf8 45. g3 Ke7 46. Ba4 Rc4 47. Bb5
Rc5 48. a4 Rxb5 49. axb5 Rxd7 50. Rb1 Ra7 51. Kf2 a4 52. Ke3 a3 53. Kd4 a2 54.
Ra1 Kd6 55. Kc4 Ra4+ 56. Kd3 Ra5 57. Kc4 Ke6 58. Re1+ Kd6 59. Ra1 Ra3 60. Kd4
Ra7 61. Kc4 Ra5 62. Rd1+ Kc7 63. Ra1 Ra4+ 64. Kb3 Ra5 65. Kc4 Kb7 66. Kb4 Kb8
67. Kc4 Ra3 68. Kd5 Kb7 69. Ke6 Rxg3 70. Rxa2 Rb3 71. Kf7 Rxb5 72. Kg7 Rc5 73.
Kxh7 Rc6 74. Rh2 b5 75. Kg7 b4 76. Rh1 Kb6 77. Re1 Kc5 78. Rc1+ Kd5 79. Rxc6
Kxc6 80. Kxg6 b3 81. Kxf5 b2 82. Kg6 b1=Q+ 83. f5 Kd7 84. Kf6 Ke8 0-1

[Event "Ì13Ï"]
[Site "Loo"]
[Date "2017.04.27"]
[Round "8.8"]
[White "Ïðóöêîâ, Àëåêñåé."]
[Black "Ìèõååâ, Àëåêñàíäð."]
[Result "0-1"]
[WhiteElo "1727"]
[BlackElo "1500"]
[PlyCount "86"]
[EventDate "2017.04.20"]

1. d4 Nf6 2. c4 g6 3. Nc3 Bg7 4. e4 d6 5. Be2 O-O 6. Bg5 Nc6 7. d5 Ne5 8. f3 c6
9. h4 h6 10. Bxf6 Bxf6 11. f4 Nd7 12. g4 Qb6 13. Qd2 Nc5 14. Qc2 Na6 15. g5 Bg7
16. h5 gxh5 17. gxh6 Bxh6 18. Bxh5 Qe3+ 19. Nge2 Nb4 20. Qd2 Nd3+ 21. Kd1 Nf2+
22. Kc2 Qxd2+ 23. Kxd2 Nxh1 24. Rxh1 f5 25. Rg1+ Kh8 26. Bg6 fxe4 27. Bxe4 c5
28. Rh1 Rf6 29. Nb5 Bd7 30. Ng3 Bg4 31. Rh4 Rg8 32. Nxa7 Rg7 33. Nb5 Kg8 34.
Nh5 Bxh5 35. Rxh5 Bxf4+ 36. Ke2 Rh6 37. Rf5 Be5 38. Nc7 Rh2+ 39. Kd3 Rg3+ 40.
Bf3 Bxb2 41. Ne6 Bf6 42. Nf4 Rxf3+ 43. Ke4 Rc3 0-1

[Event "Ì13Ï"]
[Site "Loo"]
[Date "2017.04.27"]
[Round "8.9"]
[White "Ñòåïàíîâ, Ïàâåë."]
[Black "Ïåòðóøèí, Äìèòðèé."]
[Result "0-1"]
[WhiteElo "1559"]
[BlackElo "1721"]
[PlyCount "88"]
[EventDate "2017.04.20"]

1. d4 Nf6 2. Nf3 c5 3. d5 b5 4. c4 b4 5. g3 g6 6. Bg2 d6 7. Nbd2 Bg7 8. O-O O-O
9. e4 Nbd7 10. a4 a5 11. Rb1 Ng4 12. b3 Nge5 13. Bb2 Qc7 14. Ne1 Nb6 15. h3 Ba6
16. f4 Nexc4 17. bxc4 Bxb2 18. Rxb2 Bxc4 19. Nxc4 Nxc4 20. Re2 Nb6 21. Nf3 c4
22. Qa1 c3 23. Rc1 Qc4 24. Bf1 Qc7 25. Rec2 Nc4 26. Bxc4 Qxc4 27. Re1 Rfc8 28.
Re3 Rab8 29. Kf2 Qc5 30. Ke2 Rb7 31. Qe1 Qc4+ 32. Kf2 Qb3 33. Nd4 Qxa4 34. Qc1
Rc4 35. Nc6 b3 36. Rcxc3 b2 37. Qb1 Qa1 38. Re1 Qxb1 39. Rxb1 Rxc3 40. Nxa5 Rc1
41. Nxb7 Rxb1 42. Ke2 Re1+ 43. Kxe1 b1=Q+ 44. Ke2 Qxb7 0-1

[Event "Ì13Ï"]
[Site "Loo"]
[Date "2017.04.27"]
[Round "8.10"]
[White "Ìåëüíèêîâ, Âÿ÷åñëàâ."]
[Black "Àðáóçîâ, Òèìîôåé."]
[Result "1-0"]
[WhiteElo "1637"]
[BlackElo "1694"]
[PlyCount "67"]
[EventDate "2017.04.20"]

1. e4 d6 2. d4 Nf6 3. Nc3 Nbd7 4. g3 e5 5. Nge2 Be7 6. Bg2 O-O 7. O-O c6 8. h3
Re8 9. a4 a5 10. g4 h5 11. g5 Nh7 12. h4 g6 13. f4 exf4 14. Nxf4 Bf8 15. Qf3
Bg7 16. Be3 Re7 17. Nfd5 cxd5 18. Nxd5 Nb6 19. Nxe7+ Qxe7 20. Qe2 Bg4 21. Qb5
Qc7 22. c3 Nc4 23. Bf4 Ra6 24. b3 Be2 25. bxc4 Bxc4 26. Qe8+ Nf8 27. Rfc1 Rc6
28. d5 Rb6 29. Be3 Be5 30. Rab1 Ra6 31. Bf1 Bxf1 32. Rxf1 Kg7 33. Kg2 Ra7 34.
Bxa7 1-0

[Event "Ì13Ï"]
[Site "Loo"]
[Date "2017.04.27"]
[Round "8.11"]
[White "Õàñàíîâ, Óðàë."]
[Black "Òàòàðèíöåâ, Ìèõàèë."]
[Result "0-1"]
[WhiteElo "1431"]
[BlackElo "1690"]
[PlyCount "82"]
[EventDate "2017.04.20"]

1. e4 c5 2. Nf3 e6 3. d4 cxd4 4. Nxd4 a6 5. Nc3 Qc7 6. Bd3 b5 7. a3 Bb7 8. O-O
Nf6 9. Qe2 Nc6 10. Nxc6 dxc6 11. b4 c5 12. bxc5 Bxc5 13. Bb2 O-O 14. e5 Qc6 15.
Qf3 Qxf3 16. gxf3 Nd7 17. Be4 Bxe4 18. Nxe4 Rac8 19. a4 b4 20. c3 b3 21. f4 Be7
22. Rfd1 Nc5 23. Nxc5 Bxc5 24. Rd7 Rfd8 25. Rad1 Rxd7 26. Rxd7 Rb8 27. Kf1 Kf8
28. Ke2 Ke8 29. Rc7 Bb6 30. Rc4 a5 31. h3 Kd7 32. f3 f5 33. Kd3 h6 34. Ke2 Rh8
35. Kf1 h5 36. Kg2 Rh6 37. Kh1 Rg6 38. Kh2 Rg1 39. Ba3 Ra1 40. Bb2 Ra2 41. Kg3
Rxb2 0-1

[Event "Ì13Ï"]
[Site "Loo"]
[Date "2017.04.27"]
[Round "8.12"]
[White "Îãîðîäíèêîâ, Íèêîëàé."]
[Black "Ñîèí, Íèêèòà."]
[Result "1-0"]
[WhiteElo "1672"]
[BlackElo "1491"]
[PlyCount "53"]
[EventDate "2017.04.20"]

1. c4 e5 2. g3 Nf6 3. Bg2 c6 4. d4 exd4 5. Qxd4 d5 6. cxd5 cxd5 7. Nc3 Be6 8.
Bg5 Be7 9. Rd1 O-O 10. Nxd5 Nxd5 11. Bxe7 Qxe7 12. Bxd5 Rd8 13. Qe4 Nc6 14.
Bxe6 Rxd1+ 15. Kxd1 fxe6 16. Nf3 Rd8+ 17. Ke1 Qd6 18. Kf1 h6 19. Kg2 e5 20. Rc1
Qd5 21. Qxd5+ Rxd5 22. e4 Rd3 23. Rc5 Kf7 24. Rxc6 Ke7 25. Rc7+ Rd7 26. Rxd7+
Kxd7 27. Nxe5+ 1-0

[Event "Ì13Ï"]
[Site "Loo"]
[Date "2017.04.27"]
[Round "8.13"]
[White "Ñîáàøíèêîâ, Èâàí."]
[Black "Ïîçäååâ, Àëåêñåé."]
[Result "1-0"]
[WhiteElo "1695"]
[BlackElo "1833"]
[PlyCount "107"]
[EventDate "2017.04.20"]

1. d4 d5 2. c4 dxc4 3. e4 Nf6 4. e5 Nd5 5. Bxc4 e6 6. Nf3 Nc6 7. O-O Be7 8. Nc3
O-O 9. a3 b6 10. Nxd5 exd5 11. Bd3 Bg4 12. Be3 a5 13. Qc2 Na7 14. Bxh7+ Kh8 15.
Bf5 Bxf5 16. Qxf5 c5 17. dxc5 bxc5 18. Bxc5 g6 19. Qh3+ Kg7 20. Bxe7 Qxe7 21.
Rad1 Rad8 22. Qh4 Qxh4 23. Nxh4 Nc6 24. Nf3 Rfe8 25. Rfe1 a4 26. Rd2 Rd7 27.
Red1 Red8 28. Rc2 Na5 29. Rc5 Nb3 30. Rc6 d4 31. Rc4 d3 32. Kf1 f6 33. Rxa4 Rc7
34. Rb4 Na5 35. Rd4 Rxd4 36. Nxd4 Rd7 37. Rxd3 Kg8 38. e6 Rd8 39. b4 Nc6 40. e7
Nxe7 41. Ke2 Kf7 42. b5 Nd5 43. g3 Nb6 44. Nc6 Ra8 45. Ke3 Ke6 46. h4 Ra4 47.
Kd2 Nc4+ 48. Kc3 Nb6 49. Kb3 Kf7 50. Rd4 Ra8 51. Rd8 Rxd8 52. Nxd8+ Ke7 53.
Nc6+ Kd6 54. a4 1-0

[Event "Ì13Ï"]
[Site "Loo"]
[Date "2017.04.27"]
[Round "8.14"]
[White "Èâàíîâ, Àðòåì."]
[Black "Çûðÿíîâ, Êîíñòàíòèí."]
[Result "1-0"]
[WhiteElo "1832"]
[BlackElo "1571"]
[PlyCount "81"]
[EventDate "2017.04.20"]

1. e4 c5 2. Nf3 Nc6 3. d4 cxd4 4. Nxd4 e5 5. Nb5 a6 6. Nd6+ Bxd6 7. Qxd6 Qe7 8.
Qd1 Nf6 9. Nc3 h6 10. Be3 O-O 11. Be2 d6 12. O-O Be6 13. Nd5 Bxd5 14. exd5 Nb4
15. c4 a5 16. a3 Na6 17. f3 Nd7 18. Qe1 a4 19. Qg3 Qf6 20. f4 e4 21. Rad1 Nac5
22. Bg4 Qe7 23. Bf5 Nb3 24. Bxd7 Qxd7 25. f5 Kh7 26. f6 Rg8 27. Qf4 Rae8 28.
fxg7 Rxg7 29. Qxh6+ Kg8 30. Rf4 Rg6 31. Qh4 f5 32. Rdf1 Qg7 33. Qh3 Qxb2 34.
Rxf5 Qg7 35. Rf7 Qxf7 36. Rxf7 Kxf7 37. Qf5+ Kg7 38. Qd7+ Kf8 39. Qh7 Rf6 40.
Bg5 e3 41. Bxf6 1-0

[Event "Ì13Ï"]
[Site "Loo"]
[Date "2017.04.27"]
[Round "8.15"]
[White "Öûðåíäàøèåâ, Áàòî."]
[Black "Ëåáåäåâ, Íèêèòà."]
[Result "1/2-1/2"]
[WhiteElo "1810"]
[BlackElo "1635"]
[PlyCount "81"]
[EventDate "2017.04.20"]

1. e4 c5 2. d4 cxd4 3. c3 d5 4. exd5 Qxd5 5. Nf3 Nc6 6. Nxd4 Nxd4 7. cxd4 e5 8.
Nc3 Qxd4 9. Qxd4 exd4 10. Nb5 Bb4+ 11. Bd2 Bxd2+ 12. Kxd2 Kf8 13. Bc4 Nh6 14.
Rhd1 a6 15. Nxd4 Ke7 16. Re1+ Kd6 17. Rad1 b5 18. Bb3 Bb7 19. Kc3 Kc5 20. Re5+
Kb6 21. a4 Rac8+ 22. Kb4 bxa4 23. Kxa4 Rhe8 24. Rxe8 Rxe8 25. f3 Rd8 26. Kb4
a5+ 27. Kc3 Rc8+ 28. Kd2 Rd8 29. Ke3 Re8+ 30. Kf4 Rd8 31. g4 Rd7 32. h4 g6 33.
Ne2 Rxd1 34. Bxd1 Kc5 35. Nc1 f6 36. Nb3+ Kb4 37. Nd4 Bd5 38. g5 fxg5+ 39. hxg5
Nf7 40. Bc2 a4 41. Ne2 1/2-1/2

[Event "Ì13Ï"]
[Site "Loo"]
[Date "2017.04.27"]
[Round "8.16"]
[White "Ãåðàñèìîâ, Âàäèì."]
[Black "Øâåòêî, Ðîìàí."]
[Result "1-0"]
[WhiteElo "1717"]
[BlackElo "1614"]
[PlyCount "67"]
[EventDate "2017.04.20"]

1. e4 e5 2. Nf3 Nf6 3. Nxe5 d6 4. Nf3 Nxe4 5. c4 Be7 6. d4 O-O 7. Bd3 Nf6 8. h3
d5 9. O-O dxc4 10. Bxc4 c6 11. Nc3 Nbd7 12. Bf4 Nb6 13. Bb3 Bf5 14. Re1 Bb4 15.
Re5 Bg6 16. Bg5 Nbd7 17. Re2 Qa5 18. Bd2 Qd8 19. Bc2 Bh5 20. g4 Bg6 21. Bxg6
hxg6 22. Qb3 Bxc3 23. bxc3 Qc7 24. c4 b6 25. Rae1 c5 26. d5 Qd6 27. Ne5 Nxe5
28. Rxe5 Rfe8 29. Bf4 Qd7 30. Qc2 Rxe5 31. Rxe5 Re8 32. Qe2 Rxe5 33. Qxe5 Ne8
34. d6 {äàëåå çàïèñü íåðàçáîð~~èâà} 1-0

[Event "Ì13Ï"]
[Site "Loo"]
[Date "2017.04.27"]
[Round "8.17"]
[White "Ìàòóùàê, Íèêèòà."]
[Black "Ðîìàíîâ, Ìàêñèì."]
[Result "1/2-1/2"]
[WhiteElo "1406"]
[BlackElo "1700"]
[PlyCount "71"]
[EventDate "2017.04.20"]

1. e4 c5 2. d4 cxd4 3. c3 dxc3 4. Nxc3 Nc6 5. Nf3 d6 6. Bc4 e6 7. O-O Nf6 8.
Qe2 e5 9. Rd1 Bg4 10. Be3 Be7 11. Bd5 O-O 12. h3 Bh5 13. g4 Nxd5 14. exd5 Nd4
15. Nxd4 exd4 16. Bxd4 Bg6 17. f4 f5 18. g5 Re8 19. Qf3 Bf7 20. h4 a6 21. h5
Bxg5 22. fxg5 Qxg5+ 23. Qg2 Qxg2+ 24. Kxg2 Bxh5 25. Rf1 Bg4 26. Rae1 b5 27. a3
Kf7 28. Kg3 g5 29. Re6 Rxe6 30. dxe6+ Kxe6 31. Re1+ Kd7 32. Nd5 Kc6 33. Nb4+
Kd7 34. Nd5 Kc6 35. Nb4+ Kd7 36. Nd5 1/2-1/2

[Event "Ì13Ï"]
[Site "Loo"]
[Date "2017.04.27"]
[Round "8.18"]
[White "Äåðåâùèêîâ, Íèêèòà."]
[Black "Ñìîëèí, Àëåêñåé."]
[Result "1-0"]
[WhiteElo "1523"]
[BlackElo "1815"]
[PlyCount "51"]
[EventDate "2017.04.20"]

1. e4 e5 2. Nf3 Nc6 3. Bb5 Nf6 4. Qe2 Bc5 5. Bxc6 dxc6 6. Nxe5 Qe7 7. Nd3 Bb6
8. f3 O-O 9. Nf2 Bxf2+ 10. Qxf2 Nxe4 11. fxe4 Qxe4+ 12. Kf1 Qxc2 13. Nc3 Re8
14. h3 b5 15. b4 Bf5 16. Kg1 Rad8 17. Kh2 Bg6 18. Qxa7 Rd7 19. Qc5 Be4 20. Rg1
h6 21. a3 Bd5 22. Qf2 Be6 23. Qf3 Rd6 24. Rb1 Rd3 25. Qe4 Rxc3 26. Qe5 1-0

[Event "Ì13Ï"]
[Site "Loo"]
[Date "2017.04.27"]
[Round "8.19"]
[White "Õàëèóëëèí, Àëüáåðò."]
[Black "Çàñïàíîâ, Êîíñòàíòèí."]
[Result "1/2-1/2"]
[WhiteElo "1930"]
[BlackElo "1588"]
[PlyCount "120"]
[EventDate "2017.04.20"]

1. e4 c5 2. Nf3 Nc6 3. Bb5 g6 4. O-O Bg7 5. c3 Nf6 6. Re1 O-O 7. h3 a6 8. Bf1
d6 9. d4 cxd4 10. cxd4 d5 11. e5 Ne4 12. Nc3 Bf5 13. Qb3 b5 14. Qxd5 Qxd5 15.
Nxd5 Rfd8 16. Nc3 Nxc3 17. bxc3 b4 18. Bb2 bxc3 19. Bxc3 Ra7 20. Rad1 Be6 21.
a3 Rc7 22. Bb4 Nxb4 23. axb4 Rb7 24. Rb1 Rdb8 25. Bxa6 Rxb4 26. Rxb4 Rxb4 27.
Rd1 Bd5 28. Be2 f6 29. Ne1 fxe5 30. dxe5 e6 31. Bf3 Bxe5 32. Bxd5 exd5 33. Rxd5
Bc7 34. Rc5 Bb6 35. Rc8+ Kf7 36. Nd3 Rb1+ 37. Kh2 Kg7 38. f4 Bg1+ 39. Kg3 Rb3
40. Rd8 Rc3 41. Kf3 Bb6 42. Rd7+ Kf6 43. Rd6+ Ke7 44. Rxb6 Rxd3+ 45. Ke4 Rd7
46. Ke5 Ra7 47. Rb5 Kf7 48. g4 Re7+ 49. Kd6 Re6+ 50. Kd5 Re7 51. f5 gxf5 52.
gxf5 Kf6 53. Kd6 Re1 54. Kd7 Re5 55. Rb6+ Kxf5 56. Rh6 Kg5 57. Rxh7 Re4 58. Kd6
Rh4 59. Rg7+ Kf6 60. Rg3 Kf5 1/2-1/2

[Event "Ì13Ï"]
[Site "Loo"]
[Date "2017.04.27"]
[Round "8.20"]
[White "Æàâîðîíêîâ, Àëåêñàíäð."]
[Black "Îñèïîâ, Àëåêñàíäð."]
[Result "0-1"]
[WhiteElo "1572"]
[BlackElo "1855"]
[PlyCount "78"]
[EventDate "2017.04.20"]

1. Nf3 Nf6 2. d4 e6 3. Bf4 c5 4. e3 Nc6 5. c3 b6 6. Nbd2 Bb7 7. Bd3 d5 8. O-O
Bd6 9. Ne5 Qc7 10. Ndf3 O-O 11. Bc2 Ba6 12. Re1 Rad8 13. Nxc6 Qxc6 14. Bxd6
Qxd6 15. Ne5 Rc8 16. Rc1 Rfd8 17. f4 Rc7 18. Qf3 Rf8 19. g4 Bb7 20. g5 Ne4 21.
Qh3 f6 22. g6 h6 23. Nf7 Qe7 24. Re2 f5 25. Rg2 Qf6 26. Bxe4 dxe4 27. Re1 cxd4
28. cxd4 Rfc8 29. Qg3 Bd5 30. a3 Rc2 31. Nd6 R8c6 32. Nf7 Rxg2+ 33. Qxg2 Bb3
34. Re2 Rc1+ 35. Kf2 Bc4 36. Rd2 Rf1+ 37. Kg3 Qxg6+ 38. Kh3 Qh5+ 39. Kg3 Qg4#
0-1

[Event "Ì13Ï"]
[Site "Loo"]
[Date "2017.04.27"]
[Round "8.21"]
[White "Âàñèëüåâ, Èëüÿ."]
[Black "Çóåâ, Àëåêñàíäð."]
[Result "0-1"]
[WhiteElo "1779"]
[BlackElo "1559"]
[PlyCount "72"]
[EventDate "2017.04.20"]

1. e4 c5 2. Nf3 Nc6 3. d4 cxd4 4. Nxd4 Qb6 5. Nb3 Nf6 6. Nc3 e6 7. Be3 Qc7 8.
Bd3 Bb4 9. O-O Bxc3 10. bxc3 e5 11. c4 d6 12. Kh1 b6 13. f4 Bb7 14. Qe2 Rc8 15.
Rf3 Ne7 16. fxe5 Nxe4 17. Bxb6 axb6 18. Bxe4 Bxe4 19. Qxe4 dxe5 20. Re1 Ng6 21.
Rc3 O-O 22. c5 f5 23. Qd5+ Kh8 24. a4 Rfe8 25. c6 Red8 26. Qf3 Nf4 27. Rc4 e4
28. Qf2 Nd5 29. g3 Qe5 30. Nd4 Rf8 31. Nb5 Qe6 32. c7 Rf7 33. Rd1 h6 34. Qd2 e3
35. Qxd5 e2 36. Qd8+ Rf8 0-1

[Event "Ì13Ï"]
[Site "Loo"]
[Date "2017.04.27"]
[Round "8.22"]
[White "Äðó÷åíêî, Ìèõàèë."]
[Black "Øàëèìî, Åâãåíèé."]
[Result "1-0"]
[WhiteElo "1692"]
[BlackElo "1557"]
[PlyCount "79"]
[EventDate "2017.04.20"]

1. d4 Nf6 2. c4 g6 3. Nc3 d5 4. Bf4 Bg7 5. Qa4+ Bd7 6. Qb3 Bc6 7. e4 e6 8. cxd5
exd5 9. Bg5 Qe7 10. Be2 O-O 11. e5 Nbd7 12. exf6 Nxf6 13. Nf3 Rfe8 14. O-O Qd6
15. Rfe1 Ne4 16. Rad1 b6 17. Bb5 Bxb5 18. Nxb5 Qd7 19. Bf4 Rac8 20. Nxa7 Ra8
21. Nb5 Qf5 22. Nxc7 Qxf4 23. Nxa8 Rxa8 24. Qxd5 Re8 25. Qc6 Re6 26. Qa8+ Bf8
27. d5 Rf6 28. Rd4 Kg7 29. Rdxe4 Qd6 30. h3 Qd7 31. Re8 Bd6 32. Rh8 Rxf3 33.
gxf3 Qxh3 34. Qg8+ Kf6 35. Qd8+ Kg7 36. Qxd6 Qxf3 37. Qe5+ Kh6 38. Qh2+ Kg7 39.
Rxh7+ Kf6 40. Qe5# 1-0

[Event "Ì13Ï"]
[Site "Loo"]
[Date "2017.04.27"]
[Round "8.23"]
[White "Áàøåâ, Ôåäîð."]
[Black "Õàéðóëëèí, Àìèð."]
[Result "1-0"]
[WhiteElo "1679"]
[BlackElo "1518"]
[PlyCount "43"]
[EventDate "2017.04.20"]

1. e4 c5 2. Nf3 e6 3. d4 cxd4 4. Nxd4 Nf6 5. f3 Bc5 6. Nc3 Nc6 7. Nb3 Qb6 8.
Nxc5 Qxc5 9. Bf4 Qb6 10. Nb5 e5 11. Nd6+ Ke7 12. Nf5+ Kd8 13. Be3 Qb4+ 14. Kf2
Qxb2 15. Rb1 Qxa2 16. Bb5 Ne7 17. Nd6 Rf8 18. Qd2 Nc6 19. Bxc6 bxc6 20. Ra1 Qe6
21. Qa5+ Ke7 22. Nf5+ 1-0

[Event "Ì13Ï"]
[Site "Loo"]
[Date "2017.04.27"]
[Round "8.24"]
[White "Ñèäîðîâ, Åãîð."]
[Black "Ãîôìàí, Ëåâ."]
[Result "1-0"]
[WhiteElo "1662"]
[BlackElo "1528"]
[PlyCount "83"]
[EventDate "2017.04.20"]

1. e4 c5 2. Nf3 d6 3. d4 cxd4 4. Nxd4 Nf6 5. f3 e5 6. Bb5+ Bd7 7. Bxd7+ Nbxd7
8. Nf5 Nb6 9. O-O g6 10. Ne3 Bg7 11. Nc3 O-O 12. Ned5 Nfxd5 13. Nxd5 Nxd5 14.
Qxd5 Qb6+ 15. Kh1 Rac8 16. c4 Qc6 17. b3 Kh8 18. Rd1 Qxd5 19. Rxd5 Rfd8 20. Ba3
Rc6 21. Rad1 Ra6 22. Bxd6 Rxa2 23. Bxe5 Rxd5 24. Bxg7+ Kxg7 25. exd5 Kf8 26.
Kg1 Ke7 27. Kf1 b6 28. Re1+ Kd7 29. Re2 Ra3 30. Rb2 b5 31. c5 Ra1+ 32. Ke2 Rg1
33. Kd3 Rd1+ 34. Ke4 f5+ 35. Ke5 Re1+ 36. Kf6 Rd1 37. d6 Rc1 38. b4 a5 39. bxa5
Rxc5 40. Kg7 b4 41. a6 Kxd6 42. Kxh7 1-0

[Event "Ì13Ï"]
[Site "Loo"]
[Date "2017.04.27"]
[Round "8.25"]
[White "Ñàðêèñÿí, Àðòåì."]
[Black "Âîëêîâ, Âëàäèñëàâ."]
[Result "0-1"]
[WhiteElo "1467"]
[BlackElo "1649"]
[PlyCount "78"]
[EventDate "2017.04.20"]

1. d4 Nf6 2. c4 g6 3. Nc3 Bg7 4. e4 d6 5. Nf3 O-O 6. d5 Nbd7 7. Be3 e5 8. Nd2
Re8 9. Be2 b6 10. O-O a5 11. a3 Qe7 12. Nb5 Nf8 13. b4 Ba6 14. bxa5 Bxb5 15.
cxb5 Rxa5 16. Qc2 Ra7 17. Rfe1 N8d7 18. Nb3 Rea8 19. f3 Nc5 20. Nxc5 bxc5 21.
a4 Nd7 22. Ra2 Bf6 23. Rea1 Bg5 24. Bf2 Ra5 25. Be1 Be3+ 26. Kh1 R5a7 27. Qd3
Bd4 28. Bc3 Bxc3 29. Qxc3 Ra5 30. Bd1 Qg5 31. Qd2 Qf6 32. Rb2 Nb6 33. Rab1 Nc4
34. Qc3 Nxb2 35. Qxb2 Qd8 36. Ra1 Qb8 37. Ra3 Qb6 38. Qc3 c4 39. Qxc4 Rxb5 0-1

[Event "Ì13Ï"]
[Site "Loo"]
[Date "2017.04.27"]
[Round "8.26"]
[White "Êóçíåöîâ, Âàäèì."]
[Black "Ãîðÿ÷åâ, Âëàäèñëàâ."]
[Result "1-0"]
[WhiteElo "1628"]
[BlackElo "1479"]
[PlyCount "71"]
[EventDate "2017.04.20"]

1. d4 d5 2. c4 e6 3. Nc3 Nf6 4. Bg5 Nbd7 5. cxd5 exd5 6. Qc2 c6 7. e3 Bd6 8.
Bd3 h6 9. Bh4 O-O 10. Nge2 Qc7 11. O-O b6 12. Rac1 Qd8 13. e4 dxe4 14. Nxe4 Be7
15. Nxf6+ Nxf6 16. Qxc6 Be6 17. Qa4 a6 18. a3 b5 19. Qd1 Qd7 20. Qd2 Rac8 21.
Rxc8 Rxc8 22. Rc1 Rxc1+ 23. Qxc1 Nd5 24. Bxe7 Nxe7 25. Qc5 Qb7 26. Nf4 Qc8 27.
Nxe6 Qxe6 28. Kf1 Kf8 29. Be2 Qc6 30. Bf3 Qe6 31. d5 Qc8 32. b4 Qxc5 33. bxc5
Ke8 34. d6 Ng6 35. c6 Kd8 36. c7+ 1-0

[Event "Ì13Ï"]
[Site "Loo"]
[Date "2017.04.27"]
[Round "8.27"]
[White "Ïåòðîâ, Ìàêñèì."]
[Black "Ëîêòèîíîâ, Êèðèëë."]
[Result "0-1"]
[WhiteElo "1359"]
[BlackElo "1627"]
[PlyCount "62"]
[EventDate "2017.04.20"]

1. d4 d5 2. c4 e6 3. Nc3 c5 4. e3 Nf6 5. Nf3 Be7 6. Bd3 Nc6 7. cxd5 exd5 8. O-O
Bg4 9. Be2 O-O 10. b3 Rc8 11. Bb2 Bd6 12. Nb5 Bb8 13. dxc5 a6 14. Nd6 Bxd6 15.
cxd6 Qxd6 16. Nd4 Bxe2 17. Qxe2 Rfe8 18. Qf3 Ne5 19. Qg3 Ne4 20. Qf4 Qg6 21.
Nf5 Nd3 22. Qf3 Nxb2 23. Qe2 Qxf5 24. Qxb2 Rc6 25. Rfd1 Rec8 26. f3 Rc2 27. Qd4
Qg5 28. g3 Nxg3 29. f4 Qg4 30. Qxd5 Ne4+ 31. Kf1 Qf3+ 0-1

[Event "Ì13Ï"]
[Site "Loo"]
[Date "2017.04.27"]
[Round "8.29"]
[White "Õóñíóëãàòèí, Àðòåì."]
[Black "Íóäèí, Âëàäèñëàâ."]
[Result "1/2-1/2"]
[WhiteElo "1592"]
[BlackElo "1493"]
[PlyCount "197"]
[EventDate "2017.04.20"]

1. e4 c5 2. c4 Nc6 3. Nc3 e5 4. g3 d6 5. Bg2 f5 6. exf5 Bxf5 7. Nge2 Nf6 8. O-O
Nb4 9. a3 Bc2 10. axb4 Bxd1 11. Nxd1 e4 12. Nec3 cxb4 13. Nxe4 Nxe4 14. Bxe4
Qc7 15. Bd5 Be7 16. Re1 Kd8 17. d3 Bf6 18. Be3 Re8 19. Ra4 a5 20. Kg2 h6 21. b3
Bd4 22. Re2 Rb8 23. Rea2 Bxe3 24. fxe3 b6 25. Rf2 b5 26. Raa2 bxc4 27. dxc4 Qb6
28. Rf3 Re7 29. Raf2 Kd7 30. e4 g5 31. Ne3 a4 32. Nf5 Rh7 33. Nxh6 Qxf2+ 34.
Rxf2 Rxh6 35. bxa4 b3 36. Rb2 Rb4 37. a5 Rh8 38. a6 Ra4 39. Rxb3 Rxa6 40. Rb2
g4 41. Rf2 Kc7 42. Rb2 Kd7 43. Rf2 Ra3 44. Rd2 Rc3 45. Rf2 Ke7 46. Rf7+ Ke8 47.
Rf2 Ra3 48. Rb2 Kd7 49. Rf2 Rb8 50. Rc2 Kc7 51. Rf2 Rb1 52. Be6 Re1 53. Bxg4
Rxe4 54. Be2 Rc3 55. Bf1 Kc6 56. Rf4 Rxf4 57. gxf4 Kd7 58. Be2 Ke7 59. h3 Kf6
60. Bg4 Rxc4 61. Kf3 d5 62. Ke3 Re4+ 63. Kf3 Re7 64. Bc8 d4 65. Ba6 Re3+ 66.
Kf2 Rxh3 67. Ke2 Re3+ 68. Kd2 Kf5 69. Bb5 Kxf4 70. Ba6 Rb3 71. Bc4 Ra3 72. Bb5
Ke5 73. Bf1 Kd5 74. Bg2+ Kc4 75. Bf1+ d3 76. Ke3 Rb3 77. Ke4 Kc3 78. Bxd3 Rb4+
79. Ke3 Rd4 80. Be2 Rd8 81. Bf3 Re8+ 82. Be4 Re7 83. Kf4 Kd4 84. Bg6 Re1 85.
Bf5 Rf1+ 86. Kg5 Ke5 87. Bd3 Rg1+ 88. Kh5 Rg2 89. Kh6 Rg3 90. Bc4 Kf5 91. Kh7
Kf6 92. Kh8 Rg4 93. Bg8 Rg7 94. Ba2 Kg6 95. Bb1+ Kh6 96. Ba2 Ra7 97. Bg8 Kg6
98. Bb3 Ra3 99. Bc2+ 1/2-1/2